Landkreise in Mecklenburg-Vorpommern - Statistiken

Allgemein
  • Dieses Quiz wurde 120 mal gespielt
  • Das Durchschnittsergebnis liegt bei 4 aus 6
Antwortstatistiken
Antwort % Korrekt
Rostock
88%
Nordwestmecklenburg
71%
Mecklenburgische Seenplatte
69%
Vorpommern-Greifswald
68%
Vorpommern-Rügen
65%
Ludwigslust-Parchim
58%
Keine übereinstimmenden Quizze gefunden
Verteilung der Resultate
Anzahl Personen mit jedem Resultat
Perzentil nach korrekt beantworteten Fragen
Ihre Resultats-Entwicklung
Sie haben dieses Quiz noch nicht gespielt